Score 0/26 Timer 04:00
0 Plays Today
# Answer % Correct
1Texel
87.2%
3Terschelling
82.1%
4Ameland
80.8%
2Vlieland
79.5%
5Schiermonnikoog
73.1%
6Borkum
65.4%
18Sylt
57.7%
11Spiekeroog
44.9%
7Juist
42.3%
8Norderney
35.9%
10Langeoog
34.6%
12Wangerooge
34.6%
16Amrum
26.9%
# Answer % Correct
17Föhr
24.4%
19Rømø
24.4%
9Baltrum
23.1%
14Pellworm
23.1%
15Nordstrand
15.4%
21Fanø
14.1%
25Hooge
14.1%
13Neuwerk
12.8%
20Mandø
12.8%
24Gröde
9%
22Langeneß
7.7%
23Oland
7.7%
26Nordstrandischmoor
6.4%
Remove Ads.
Support Sporcle.
Get the best of Sporcle when you Go Orange. This ad-free experience offers more features, more stats, and more fun while also helping to support Sporcle. Thank you for becoming a member.

You're not logged in!

Compare scores with friends on all Sporcle quizzes.
OR
Log In

Show Comments

Extras

Created Oct 13, 2013ReportNominate
Tags:Country Quiz, island

Top Quizzes Today


Score Distribution

Your Account Isn't Verified!

In order to create a playlist on Sporcle, you need to verify the email address you used during registration. Go to your Sporcle Settings to finish the process.

Report this User

Report this user for behavior that violates our Community Guidelines.

Details: